[Event "Tournoi Skype 026A"]
[Site "Skype"]
[Date "????.??.??"]
[Round "6.29"]
[White "Sauvaget, Joel"]
[Black "Pezzolato, Erica"]
[Result "1/2-1/2"]
[WhiteElo "1523"]
[BlackElo "1417"]
[PlyCount "41"]

1. d4 Nf6 2. c4 g6 3. Nc3 Bg7 4. e3 O-O 5. Nf3 d6 6. h3 Nbd7 7. Be2 c5 8. O-O
cxd4 9. exd4 b6 10. Bg5 Bb7 11. d5 Rc8 12. Qd2 Nc5 13. Bd3 Nxd3 14. Qxd3 Qd7
15. b3 e6 16. Rad1 Nxd5 17. Nxd5 exd5 18. cxd5 Rfe8 19. Rfe1 Rxe1+ 20. Rxe1 Re8
21. Rxe8+ 1/2-1/2

[Event "Tournoi Skype 026A"]
[Site "Skype"]
[Date "????.??.??"]
[Round "6.30"]
[White "Gharbi, Said"]
[Black "Marino, Giuseppe"]
[Result "1/2-1/2"]
[WhiteElo "1598"]
[BlackElo "1466"]
[PlyCount "61"]

1. e4 b6 2. d4 d6 3. Nf3 Bb7 4. e5 Nd7 5. exd6 cxd6 6. Bc4 g6 7. O-O Bg7 8. Ng5
h6 9. Nxf7 Qc7 10. Be6 Rh7 11. Nxd6+ Qxd6 12. Bxg8 Rh8 13. Bc4 Qc6 14. Qg4 Qxc4
15. Qxg6+ Qf7 16. Qxf7+ Kxf7 17. c3 Rac8 18. Re1 Rhg8 19. g3 h5 20. Bg5 Bf6 21.
Bf4 h4 22. Na3 a6 23. Re3 hxg3 24. hxg3 Rh8 25. f3 b5 26. Be5 Nxe5 27. dxe5 Bg5
28. e6+ Kf6 29. Re2 Bxf3 30. Rf1 Rh1+ 31. Kf2 1/2-1/2

[Event "Tournoi Skype 026A"]
[Site "Skype"]
[Date "????.??.??"]
[Round "6.31"]
[White "Ram, Madhukesh"]
[Black "Escudero Ocana, Francisco"]
[Result "1/2-1/2"]
[WhiteElo "1540"]
[BlackElo "1398"]
[PlyCount "115"]

1. e4 e5 2. Nf3 Nc6 3. Bb5 d6 4. d4 a6 5. Ba4 b5 6. Bb3 Bg4 7. Bxf7+ Kxf7 8.
Ng5+ Ke8 9. Qxg4 Nxd4 10. Qd1 Nf6 11. O-O h6 12. c3 Nc6 13. Nf3 Nxe4 14. Re1
Nf6 15. a4 Be7 16. Nbd2 Kf7 17. Ne4 Qd7 18. Nxf6 Bxf6 19. Qd5+ Ke7 20. Bf4 Rad8
21. axb5 axb5 22. b4 Rhe8 23. Qxb5 Kf8 24. Bg3 d5 25. Ra6 Nb8 26. Qxd7 Rxd7 27.
Ra8 e4 28. Nd4 Bxd4 29. cxd4 Nc6 30. Rxe8+ Kxe8 31. f3 Nxd4 32. fxe4 Nc2 33.
Re2 Nxb4 34. exd5+ Kd8 35. Bh4+ Kc8 36. Re8+ Kb7 37. d6 cxd6 38. Be1 Nc2 39.
Bc3 g6 40. h4 d5 41. Rg8 d4 42. Bd2 Rd6 43. Bxh6 d3 44. Bd2 Re6 45. Bf4 Nd4 46.
Kf1 Re4 47. Bg5 Nb3 48. Rg7+ Kc6 49. Rxg6+ Kc5 50. h5 d2 51. Bxd2 Nxd2+ 52. Kf2
Rh4 53. h6 Ne4+ 54. Kg1 Kd4 55. g4 Ke3 56. g5 Rg4+ 57. Kh2 Nxg5 58. Rf6 1/2-1/2

[Event "Tournoi Skype 026A"]
[Site "Skype"]
[Date "????.??.??"]
[Round "6.32"]
[White "Leyton Calderon, Jairo Oswaldo"]
[Black "Chavero, Victor"]
[Result "0-1"]
[WhiteElo "1654"]
[BlackElo "1457"]
[PlyCount "70"]

1. Nf3 d5 2. b3 Nf6 3. Bb2 e6 4. e3 a6 5. Be2 Bd6 6. O-O Nbd7 7. d4 b6 8. Nbd2
Bb7 9. Ne5 O-O 10. f4 Rc8 11. Qe1 c5 12. Bd3 cxd4 13. exd4 Bb4 14. a3 Bxd2 15.
Qxd2 Ne4 16. Qe3 Ndf6 17. Rf3 Rc7 18. Raf1 Qc8 19. Rh3 a5 20. Qe1 Ba6 21. c4
dxc4 22. Bxe4 c3 23. Bxh7+ Nxh7 24. Qh4 Bd3 25. Rxd3 f6 26. Ng6 cxb2 27. Rh3
b1=Q 28. Rxb1 Rc1+ 29. Rxc1 Qxc1+ 30. Kf2 Qc2+ 31. Kf1 Qxg6 32. Qe1 Qf5 33. Rf3
Rc8 34. g3 Rc2 35. Rc3 Qh3+ 0-1

[Event "Tournoi Skype 026A"]
[Site "Skype"]
[Date "????.??.??"]
[Round "6.34"]
[White "Navghane, Rahul"]
[Black "Scata, Laura"]
[Result "1-0"]
[WhiteElo "1561"]
[BlackElo "1440"]
[PlyCount "101"]

1. e4 c6 2. d4 d5 3. e5 Bf5 4. Bd3 Bxd3 5. Qxd3 e6 6. Nf3 Nd7 7. Bg5 Qb6 8. b3
c5 9. Be3 Ne7 10. dxc5 Nxc5 11. Bxc5 Qxc5 12. O-O Nc6 13. Nbd2 Be7 14. Rac1 Nb4
15. Qd4 Qxd4 16. Nxd4 Nxa2 17. Ra1 Nb4 18. c3 Nc6 19. N2f3 Nxd4 20. cxd4 O-O
21. Rfc1 Bd8 22. g3 Bb6 23. Rc2 Rfc8 24. Rac1 Rxc2 25. Rxc2 Rd8 26. Kg2 Kf8 27.
Kf1 Ke7 28. Ke2 Kd7 29. Kd3 Rc8 30. Rxc8 Kxc8 31. Ng5 Kc7 32. Nxf7 a6 33. f4
Kc6 34. g4 Kb5 35. Nd6+ Kc6 36. f5 Bd8 37. fxe6 Be7 38. Nf5 Bf8 39. e7 Bxe7 40.
Nxe7+ Kd7 41. Nxd5 Ke6 42. Kc4 b5+ 43. Kc5 g5 44. Nc7+ Kd7 45. Nxb5 axb5 46.
Kxb5 Ke6 47. Kc6 h6 48. b4 Ke7 49. b5 Kd8 50. d5 Kc8 51. e6 1-0

[Event "Tournoi Skype 026A"]
[Site "Skype"]
[Date "????.??.??"]
[Round "7.1"]
[White "Benson, Paul"]
[Black "Rapaire, Jean-Michel"]
[Result "1/2-1/2"]
[WhiteElo "2052"]
[BlackElo "1701"]
[PlyCount "148"]

1. e4 d5 2. exd5 Qxd5 3. Nc3 Qa5 4. d4 c6 5. Nf3 Nf6 6. Bc4 Bf5 7. Bd2 e6 8.
Qe2 Be7 9. O-O-O O-O 10. Ne5 h6 11. g4 Bh7 12. h4 Kh8 13. g5 Nbd7 14. gxf6 Nxf6
15. Nd5 Qd8 16. Nxe7 Qxe7 17. Ng4 Rad8 18. Nxf6 Qxf6 19. Bc3 Qf4+ 20. Qe3 Qf5
21. Bd3 Qd5 22. Bxh7 Kxh7 23. Kb1 Qh5 24. Qe5 Rd5 25. Qxh5 Rxh5 26. Kc1 Rd8 27.
b3 Rf5 28. Rh2 Rf3 29. Bb2 Rd5 30. Kd2 Rdf5 31. Ke2 g6 32. Rd3 R3f4 33. c3 Re4+
34. Re3 Rg4 35. Rh1 Rh5 36. Reh3 Ra5 37. a3 h5 38. c4 Rf5 39. Rf3 Re4+ 40. Re3
Rg4 41. Kf1 Rff4 42. f3 a6 43. Kf2 Rxh4 44. Rxh4 Rxh4 45. Kg2 Rf4 46. Re4 Rf5
47. Bc1 Kg7 48. Re5 Kf6 49. f4 b6 50. Kf3 b5 51. Be3 bxc4 52. bxc4 Rxe5 53.
dxe5+ Kf5 54. a4 g5 55. fxg5 Kxe5 56. Kg3 Kf5 57. Kh4 f6 58. gxf6 Kxf6 59. Kxh5
Ke5 60. Kg5 Ke4 61. Bg1 c5 62. Bxc5 Kd3 63. Bb6 Kxc4 64. a5 e5 65. Kf5 Kd5 66.
Ba7 Kc6 67. Kxe5 Kb7 68. Bb6 Kc6 69. Ke6 Kb7 70. Ke7 Ka8 71. Ke8 Kb7 72. Kd8
Kb8 73. Ke7 Kb7 74. Kd8 Kb8 1/2-1/2

[Event "Tournoi Skype 026A"]
[Site "Skype"]
[Date "????.??.??"]
[Round "7.2"]
[White "Siret, Bernard"]
[Black "Lopez, Jose Luis"]
[Result "1/2-1/2"]
[WhiteElo "2063"]
[BlackElo "1879"]
[PlyCount "65"]

1. e4 c5 2. Nf3 Nc6 3. d4 cxd4 4. Nxd4 Nf6 5. Nc3 g6 6. f3 Bg7 7. Be3 O-O 8.
Bc4 Qb6 9. Bb3 Nxe4 10. Nd5 Qa5+ 11. c3 Nc5 12. Nxc6 dxc6 13. Nxe7+ Kh8 14.
Nxc8 Raxc8 15. O-O Rfe8 16. Bf2 Rcd8 17. Qc2 Qb5 18. Bxf7 Re2 19. Rad1 Rf8 20.
Qxe2 Qxe2 21. Bxc5 Ra8 22. Ba3 Bf8 23. Rfe1 Qa6 24. Bxf8 Rxf8 25. Bb3 Qb6+ 26.
Kf1 Rd8 27. Rxd8+ Qxd8 28. Re2 a5 29. g3 b5 30. Bc2 Qd5 31. Be4 Qxa2 32. Bxc6
Qc4 33. Be4 1/2-1/2

[Event "Tournoi Skype 026A"]
[Site "Skype"]
[Date "????.??.??"]
[Round "7.3"]
[White "Diaz, Jose Garcia"]
[Black "Deville, Olivier"]
[Result "1/2-1/2"]
[WhiteElo "1839"]
[BlackElo "2081"]
[PlyCount "25"]

1. e4 c5 2. Nf3 d6 3. Nc3 Nf6 4. h3 e6 5. g3 Be7 6. Bg2 O-O 7. O-O Nc6 8. d4
cxd4 9. Nxd4 Bd7 10. Re1 Nxd4 11. Qxd4 Bc6 12. e5 dxe5 13. Qxd8 1/2-1/2

[Event "Tournoi Skype 026A"]
[Site "Skype"]
[Date "????.??.??"]
[Round "7.4"]
[White "Rico Hernandez, Edgar"]
[Black "Altinok, Selim"]
[Result "1-0"]
[WhiteElo "1840"]
[BlackElo "1921"]
[PlyCount "161"]

1. d4 Nf6 2. c4 g6 3. Nc3 Bg7 4. e4 d6 5. f4 c5 6. d5 O-O 7. Nf3 Nbd7 8. Bd3 a6
9. O-O Qc7 10. Qe1 e6 11. dxe6 fxe6 12. Ng5 Nb8 13. f5 exf5 14. exf5 Re8 15.
Qh4 h6 16. Ne6 Bxe6 17. fxe6 g5 18. Qh3 Nc6 19. Bg6 Rf8 20. Bf7+ Rxf7 21. exf7+
Qxf7 22. Nd5 Qg6 23. Qe6+ Kh7 24. Nxf6+ Kh8 25. Qe4 Qxe4 26. Nxe4 Bd4+ 27. Kh1
Rd8 28. Rb1 Ne5 29. b3 Nd3 30. Rf3 Ne1 31. Rh3 Rf8 32. Ng3 Nd3 33. Be3 Bxe3 34.
Ne4 Nf2+ 35. Nxf2 Bxf2 36. Rxh6+ Kg7 37. Rxd6 Rf7 38. Rd5 Kg6 39. Rf1 Re7 40.
Rd2 Bd4 41. g3 b6 42. Kg2 Re6 43. Kh3 Re4 44. Kg2 a5 45. h3 Re3 46. Rfd1 Be5
47. Rd5 Rxg3+ 48. Kf2 Bf4 49. R1d3 Rxd3 50. Rxd3 Kf5 51. Kf3 Be5 52. Rd5 Ke6
53. Ke4 Bf6 54. Kf3 Be5 55. a4 Bf6 56. Kg4 Be7 57. Rxg5 Bxg5 58. Kxg5 Ke5 59.
h4 Kd4 60. h5 Kc3 61. h6 Kxb3 62. h7 Kxa4 63. h8=Q Kb3 64. Qf6 Kxc4 65. Qxb6 a4
66. Qa5 Kb3 67. Qxc5 a3 68. Qc1 Ka2 69. Kf4 Kb3 70. Qa1 a2 71. Ke3 Kc4 72.
Qxa2+ Kc5 73. Qd2 Kc6 74. Qd4 Kb5 75. Ke4 Kc6 76. Qd5+ Kc7 77. Ke5 Kb6 78. Kd6
Ka7 79. Kc6 Kb8 80. Qb5+ Kc8 81. Qb7+ 1-0

[Event "Tournoi Skype 026A"]
[Site "Skype"]
[Date "????.??.??"]
[Round "7.5"]
[White "Segura Lozano, Marcos Antonio"]
[Black "Grosso, Raul"]
[Result "1/2-1/2"]
[WhiteElo "1834"]
[BlackElo "1871"]
[PlyCount "41"]

1. g3 c5 2. c4 Nc6 3. Bg2 g6 4. Nc3 Bg7 5. e3 d6 6. Nge2 e5 7. Nd5 Nge7 8. Nec3
O-O 9. Qb3 Rb8 10. d3 Bf5 11. Ke2 Qd7 12. Nxe7+ Nxe7 13. h3 Be6 14. a4 f5 15.
Bd2 Nc6 16. Nd5 f4 17. gxf4 exf4 18. Nxf4 Rxf4 19. Bxc6 Rxf2+ 20. Kxf2 Qxc6 21.
e4 1/2-1/2

[Event "Tournoi Skype 026A"]
[Site "Skype"]
[Date "????.??.??"]
[Round "7.6"]
[White "Dal, Ibrahim"]
[Black "Khabou, Taha"]
[Result "0-1"]
[WhiteElo "1870"]
[BlackElo "1547"]
[PlyCount "101"]

1. d4 d5 2. c4 e6 3. Nc3 Nf6 4. Bg5 Be7 5. e3 Nbd7 6. Nf3 c6 7. Rc1 h6 8. Bh4
Qc7 9. cxd5 exd5 10. Bd3 O-O 11. O-O Bd6 12. Bb1 Qb6 13. Qc2 Re8 14. a3 Ne4 15.
b4 Ndf6 16. Bxf6 Nxf6 17. h3 a5 18. Na4 Qb5 19. Nc3 Qa6 20. Qb2 axb4 21. axb4
Qb6 22. Na2 Ne4 23. Bxe4 dxe4 24. Nd2 Be6 25. Ra1 f5 26. Rfb1 Ra4 27. Qc2 Qa6
28. Nb3 Qd3 29. Qb2 Bxb4 30. Nc5 Bxc5 31. dxc5 Rea8 32. Qxb7 Bxa2 33. Rd1 Qb5
34. Qe7 Bd5 35. Rab1 Rb4 36. Ra1 Rxa1 37. Rxa1 Rb1+ 38. Rxb1 Qxb1+ 39. Kh2 Qb8+
40. g3 Qf8 41. Qa7 Bc4 42. Qb6 Bb5 43. Kg2 Qe7 44. g4 fxg4 45. hxg4 Qf8 46. f4
exf3+ 47. Kf2 Qf6 48. Qb8+ Kh7 49. Qd6 Be2 50. e4 Qh4+ 51. Qg3 0-1

[Event "Tournoi Skype 026A"]
[Site "Skype"]
[Date "????.??.??"]
[Round "7.8"]
[White "Ibarra Cantu, Raul Alberto"]
[Black "Perrone, Gabriel Lorenzo"]
[Result "1-0"]
[WhiteElo "1947"]
[BlackElo "1603"]
[PlyCount "77"]

1. e4 c5 2. Nf3 d6 3. d4 cxd4 4. Nxd4 Nc6 5. c4 g6 6. Nc3 Bg7 7. Be3 Nf6 8. Be2
a6 9. O-O O-O 10. Rc1 Qd7 11. f3 Re8 12. Qd2 e6 13. Rfd1 d5 14. Nxc6 bxc6 15.
cxd5 cxd5 16. exd5 Nxd5 17. Nxd5 Qxd5 18. b3 Bb7 19. Qxd5 exd5 20. Kf2 Rad8 21.
Rc7 Bc8 22. Bd4 Be5 23. Bxe5 Rxe5 24. Rd4 Kg7 25. Bd3 Rde8 26. f4 R5e7 27. Rxe7
Rxe7 28. Rxd5 Rc7 29. Bc4 Be6 30. Rd4 Bxc4 31. Rxc4 Rxc4 32. bxc4 Kf6 33. Ke3
Ke6 34. Kd4 Kd6 35. g4 f6 36. g5 fxg5 37. fxg5 a5 38. a4 Kc6 39. c5 1-0

[Event "Tournoi Skype 026A"]
[Site "Skype"]
[Date "????.??.??"]
[Round "7.9"]
[White "Mayor Martinez, Juan Jose"]
[Black "Silva, Rodrigo De Souza"]
[Result "1/2-1/2"]
[WhiteElo "1892"]
[BlackElo "1893"]
[PlyCount "70"]

1. c4 e5 2. Nc3 Nf6 3. a3 d5 4. cxd5 Nxd5 5. e4 Nf6 6. Nf3 Bc5 7. h3 O-O 8. Be2
Nc6 9. O-O h6 10. d3 Re8 11. b4 Bb6 12. Bb2 Nd4 13. Nxd4 Bxd4 14. Qc2 c6 15.
Na4 Bxb2 16. Qxb2 b6 17. Rac1 Bb7 18. Kh1 Qd6 19. Rfd1 Red8 20. Qc3 Rac8 21.
Rc2 Ba6 22. Nb2 c5 23. Nc4 cxb4 24. axb4 Qc7 25. Qa3 Qb7 26. Rdc1 Bxc4 27. Rxc4
Rxc4 28. Rxc4 Rc8 29. Qc3 Rxc4 30. Qxc4 a5 31. b5 Qd7 32. Kg1 Qd4 33. Qc8+ Kh7
34. Qf5+ Kh8 35. Qc8+ Kh7 1/2-1/2

[Event "Tournoi Skype 026A"]
[Site "Skype"]
[Date "????.??.??"]
[Round "7.10"]
[White "Karia, Vijay"]
[Black "Casey, Eamonn"]
[Result "1-0"]
[WhiteElo "1816"]
[BlackElo "1575"]
[PlyCount "23"]

1. e4 e6 2. Nc3 d5 3. Nf3 Nf6 4. e5 Nfd7 5. d4 a6 6. Bd3 c5 7. dxc5 Bxc5 8. O-O
O-O 9. Bxh7+ Kh8 10. Bd3 Be7 11. Ng5 Bxg5 12. Qh5+ 1-0

[Event "Tournoi Skype 026A"]
[Site "Skype"]
[Date "????.??.??"]
[Round "7.11"]
[White "Montalvo, Mario"]
[Black "Murgia, Stefano"]
[Result "1-0"]
[WhiteElo "1639"]
[BlackElo "1811"]
[PlyCount "37"]

1. d4 f5 2. Nc3 Nf6 3. Bf4 d6 4. e3 e6 5. Bd3 Be7 6. h3 b6 7. Qf3 c6 8. g4 Na6
9. Qxc6+ Bd7 10. Qg2 Nc7 11. gxf5 exf5 12. Bc4 Ne6 13. Nge2 Rc8 14. Bb3 g5 15.
Bh2 d5 16. Nxd5 Bc6 17. Nxf6+ Bxf6 18. f3 f4 19. Bxe6 1-0

[Event "Tournoi Skype 026A"]
[Site "Skype"]
[Date "????.??.??"]
[Round "7.12"]
[White "Engstrom, Olle"]
[Black "Carballo, Jorge"]
[Result "0-1"]
[WhiteElo "1771"]
[BlackElo "1515"]
[PlyCount "92"]

1. e4 e5 2. Nf3 Nc6 3. Bc4 Be7 4. d4 exd4 5. c3 d6 6. cxd4 Bg4 7. Bb5 Bd7 8.
Nc3 Nf6 9. O-O O-O 10. Qe2 a6 11. Ba4 b5 12. Bc2 Bg4 13. Rd1 Nd7 14. h3 Bxf3
15. Qxf3 Bg5 16. e5 Bxc1 17. Raxc1 Ne7 18. exd6 cxd6 19. Be4 Rb8 20. Nd5 Nxd5
21. Bxd5 Nf6 22. b4 Nxd5 23. Qxd5 Qd7 24. Rc6 Rfd8 25. Rdc1 Qb7 26. Qb3 Rbc8
27. Qc3 Rxc6 28. Qxc6 Qxc6 29. Rxc6 Kf8 30. Kf1 Ke7 31. Ke2 Ra8 32. d5 Kd7 33.
Kd3 a5 34. a3 axb4 35. axb4 Ra2 36. Rc2 Rxc2 37. Kxc2 Ke7 38. Kd3 Kf6 39. Ke4
g5 40. g4 Kg6 41. f3 f6 42. Ke3 f5 43. Kd3 Kf6 44. Kd4 h6 45. gxf5 Kxf5 46. Ke3
Ke5 0-1

[Event "Tournoi Skype 026A"]
[Site "Skype"]
[Date "????.??.??"]
[Round "7.13"]
[White "Saponara, Jose Maria"]
[Black "Rajpurohit, Dinesh"]
[Result "1-0"]
[WhiteElo "1756"]
[BlackElo "1555"]
[PlyCount "57"]

1. e4 e6 2. d4 d5 3. exd5 exd5 4. Nf3 Nf6 5. Nc3 Bb4 6. Bd2 O-O 7. Bd3 Re8+ 8.
Ne2 Bxd2+ 9. Qxd2 Bg4 10. Ne5 Bxe2 11. Qxe2 Nc6 12. f4 Nxd4 13. Qe3 Nc6 14. O-O
Nxe5 15. fxe5 Qe7 16. Rae1 Nd7 17. Qh3 h6 18. e6 fxe6 19. Bf5 Qc5+ 20. Kh1 exf5
21. Qxf5 Qd6 22. Qf7+ Kh7 23. Rxe8 Rxe8 24. Qxe8 Nf6 25. Qb5 b6 26. Rd1 c6 27.
Qd3+ Kh8 28. c4 Ne4 29. Qxe4 1-0

[Event "Tournoi Skype 026A"]
[Site "Skype"]
[Date "????.??.??"]
[Round "7.15"]
[White "Legueltel, Daniel"]
[Black "Khetre, Gaurav"]
[Result "1/2-1/2"]
[WhiteElo "1617"]
[BlackElo "1640"]
[PlyCount "62"]

1. d4 Nf6 2. c4 e6 3. Nf3 b6 4. Bf4 Bb7 5. e3 Be7 6. Nc3 O-O 7. Bd3 d6 8. Rc1
Nbd7 9. O-O c5 10. a3 Rc8 11. Nb5 d5 12. Nxa7 Ra8 13. Nb5 h6 14. Nc3 Rc8 15.
Qb3 Nb8 16. cxd5 Nxd5 17. Nxd5 Bxd5 18. Qd1 Bxf3 19. Qxf3 cxd4 20. Rxc8 Qxc8
21. Bxb8 Qxb8 22. exd4 Bf6 23. Rd1 Rd8 24. Qe4 Bxd4 25. Qe2 Qe5 26. Qxe5 Bxe5
27. b3 Rc8 28. Bc4 Bb2 29. a4 Ba3 30. Kf1 Bb4 31. Ke2 Kf8 1/2-1/2

[Event "Tournoi Skype 026A"]
[Site "Skype"]
[Date "????.??.??"]
[Round "7.17"]
[White "Hilton, Stephen"]
[Black "Yardimci, Ertan"]
[Result "1-0"]
[WhiteElo "1799"]
[BlackElo "1560"]
[PlyCount "51"]

1. d4 Nf6 2. c4 e6 3. Nc3 c6 4. Nf3 d5 5. e3 Nbd7 6. Bd3 Be7 7. O-O O-O 8. b3
a6 9. a4 c5 10. cxd5 Nxd5 11. Bb2 cxd4 12. Nxd5 exd5 13. Bxd4 Nc5 14. Bb1 Bg4
15. h3 Bxf3 16. gxf3 Ne6 17. Qd3 g6 18. Bb2 Bf6 19. Bxf6 Qxf6 20. Bc2 Nf4 21.
exf4 Qxf4 22. Qxd5 Rac8 23. Be4 Rc7 24. Rad1 Rfc8 25. Qd2 Qg5+ 26. Qxg5 1-0

[Event "Tournoi Skype 026A"]
[Site "Skype"]
[Date "????.??.??"]
[Round "7.19"]
[White "Salazar Ticeran, Antonio"]
[Black "Calderon, Francisco"]
[Result "0-1"]
[WhiteElo "1541"]
[BlackElo "1674"]
[PlyCount "88"]

1. e4 e5 2. Nf3 Nf6 3. Nc3 d6 4. h3 c6 5. Bc4 b5 6. Bd3 h6 7. O-O Be6 8. a3 a5
9. b3 Na6 10. Bb2 Nc5 11. Re1 Be7 12. b4 axb4 13. axb4 Na6 14. Na2 Bxa2 15.
Rxa2 Nxb4 16. Rxa8 Qxa8 17. Bc3 Nxd3 18. cxd3 c5 19. Qb3 b4 20. Bb2 O-O 21. Ra1
Qc6 22. g4 Nd7 23. h4 g6 24. Kh2 Kg7 25. Rg1 Rb8 26. g5 h5 27. Ne1 Nb6 28. f4
Na4 29. Ba1 c4 30. dxc4 Qxe4 31. fxe5 Qxh4+ 32. Kg2 Qxg5+ 33. Kf2 Qxd2+ 34. Kf3
Nc5 35. Qe3 Qd1+ 36. Kg2 Qxa1 37. exd6 Bxd6 38. Nd3 Qa2+ 39. Kf3 Qxc4 40. Nxc5
Bxc5 41. Qe5+ Kh7 42. Re1 Rd8 43. Re4 Qf1+ 44. Kg3 Bd6 0-1

[Event "Tournoi Skype 026A"]
[Site "Skype"]
[Date "????.??.??"]
[Round "7.21"]
[White "Trivedi, Viral"]
[Black "Lovell, Stan"]
[Result "0-1"]
[WhiteElo "1550"]
[BlackElo "1634"]
[PlyCount "28"]

1. e4 d6 2. d4 Nf6 3. Bd3 Nc6 4. Nf3 Nb4 5. Nc3 Nxd3+ 6. Qxd3 Bd7 7. O-O g6 8.
e5 dxe5 9. dxe5 Nh5 10. Qd4 Bf5 11. Qxd8+ Rxd8 12. Nb5 c6 13. Nc7+ Kd7 14. Bf4
Nxf4 0-1

[Event "Tournoi Skype 026A"]
[Site "Skype"]
[Date "????.??.??"]
[Round "7.22"]
[White "Aceituno, Stebe"]
[Black "Alvarez, Juan Evangelista"]
[Result "1/2-1/2"]
[WhiteElo "1593"]
[BlackElo "1535"]
[PlyCount "42"]

1. e4 Nf6 2. e5 Nd5 3. d4 Nc6 4. Nf3 d6 5. Bb5 Bg4 6. h3 Bd7 7. exd6 cxd6 8.
O-O Qa5 9. Bxc6 Bxc6 10. c4 Nf6 11. d5 Bd7 12. Bd2 Qc7 13. Qb3 Ne4 14. Be3 Nc5
15. Qc3 O-O-O 16. Nbd2 e6 17. b4 Na4 18. Qb3 exd5 19. cxd5 Nb6 20. Rac1 Bc6 21.
Nd4 Nxd5 1/2-1/2

[Event "Tournoi Skype 026A"]
[Site "Skype"]
[Date "????.??.??"]
[Round "7.24"]
[White "Mordaa, Ahmad"]
[Black "Khunte, Aniruddha"]
[Result "0-1"]
[WhiteElo "1561"]
[BlackElo "1650"]
[PlyCount "124"]

1. e4 c6 2. d4 d5 3. Nd2 dxe4 4. Nxe4 Bf5 5. Ng3 Bg6 6. Nf3 Nd7 7. Bd3 Bxd3 8.
Qxd3 Ngf6 9. O-O e6 10. Bf4 c5 11. Rfe1 cxd4 12. Nxd4 Be7 13. Nb5 Nd5 14. Nd6+
Bxd6 15. Bxd6 Ne7 16. Nh5 O-O 17. Qg3 Nf5 18. Qd3 Nxd6 19. Qxd6 Rc8 20. Qg3 g6
21. c3 Nf6 22. Nf4 Qb6 23. Qg5 Kg7 24. Nd3 Rfd8 25. Rad1 Rd5 26. Qd2 Rcd8 27.
Qe2 Qd6 28. h3 Rxd3 29. Rxd3 Qxd3 30. Qe5 Rd5 31. Qc7 Qd2 32. Rxe6 Rf5 33. Re7
Qxf2+ 34. Kh2 Qf4+ 35. Qxf4 Rxf4 36. Rxb7 Ra4 37. a3 a5 38. Ra7 Ne4 39. b4 Rxa3
40. b5 Rxc3 41. b6 Rb3 42. Kg1 Rb1+ 43. Kh2 Rxb6 44. Rxa5 h5 45. Ra4 Nc3 46.
Rc4 Ne2 47. g3 Rb2 48. Kg2 Nf4+ 49. Kf3 Nxh3 50. Ke4 Ng5+ 51. Kd4 Rg2 52. Rc3
Rd2+ 53. Ke5 f6+ 54. Kf4 Rf2+ 55. Ke3 Rf3+ 56. Kd4 Rxc3 57. Kxc3 Ne4+ 58. Kd3
Nxg3 59. Ke3 h4 60. Kf4 g5+ 61. Kg4 Kg6 62. Kh3 f5 0-1

[Event "Tournoi Skype 026A"]
[Site "Skype"]
[Date "????.??.??"]
[Round "7.25"]
[White "Castillo, Jesus"]
[Black "Pezzolato, Erica"]
[Result "1-0"]
[WhiteElo "1587"]
[BlackElo "1417"]
[PlyCount "69"]

1. e4 d6 2. d4 Nf6 3. Nc3 g6 4. Nf3 Bg7 5. Bd3 O-O 6. h3 Nbd7 7. Be3 b6 8. h4
c5 9. e5 dxe5 10. dxe5 Ng4 11. Bf4 Ngxe5 12. Be4 Rb8 13. h5 Bb7 14. Bxb7 Rxb7
15. Qd5 Nxf3+ 16. Qxf3 Qc8 17. hxg6 fxg6 18. Qd5+ Kh8 19. Bd2 Nf6 20. Qb3 Qc6
21. f3 e6 22. O-O-O b5 23. Ne2 Nd5 24. c3 a5 25. Bh6 c4 26. Qc2 Bxh6+ 27. Rxh6
Ne7 28. Rdh1 Nf5 29. Rxg6 Rg8 30. Qxf5 exf5 31. Rxc6 Rxg2 32. Nf4 Rg3 33. Rc8+
Rg8 34. Rc6 Re8 35. Nd5 1-0

[Event "Tournoi Skype 026A"]
[Site "Skype"]
[Date "????.??.??"]
[Round "7.26"]
[White "Vasquez, Oscar"]
[Black "L'Herbon De Lussats, Jean"]
[Result "1-0"]
[WhiteElo "1599"]
[BlackElo "1501"]
[PlyCount "85"]

1. c4 Nf6 2. Nf3 c6 3. Nc3 d5 4. e3 Bg4 5. cxd5 cxd5 6. h3 Bf5 7. d3 Nc6 8. a3
e5 9. Be2 Bc5 10. b4 Bb6 11. Bb2 O-O 12. O-O e4 13. Nh4 Be6 14. dxe4 dxe4 15.
Bb5 a6 16. Ba4 Qc7 17. Bb3 Rad8 18. Qc2 Bxb3 19. Qxb3 Ba7 20. Nf5 Bb8 21. Ng3
Rfe8 22. Qc2 h5 23. Rfd1 h4 24. Nf1 Qe5 25. Na4 Qg5 26. Nc5 Re7 27. Rxd8+ Nxd8
28. Rd1 Nc6 29. Bxf6 gxf6 30. Nxb7 Re6 31. Nd8 Rd6 32. Rxd6 Bxd6 33. Qxc6 Be5
34. Qe8+ Kg7 35. Qxf7+ Kh6 36. Qc4 Qh5 37. Nc6 Bb2 38. Qxa6 Qd1 39. a4 f5 40.
Nd4+ Kg5 41. Ne6+ Kh5 42. Nf4+ Kg5 43. Qg6# 1-0

[Event "Tournoi Skype 026A"]
[Site "Skype"]
[Date "????.??.??"]
[Round "7.27"]
[White "Chavero, Victor"]
[Black "Gharbi, Said"]
[Result "0-1"]
[WhiteElo "1457"]
[BlackElo "1598"]
[PlyCount "82"]

1. d4 e5 2. e3 exd4 3. exd4 Nc6 4. Nf3 Bb4+ 5. c3 Be7 6. Bc4 Nf6 7. O-O O-O 8.
Bf4 d5 9. Bd3 Bg4 10. Nbd2 Nh5 11. Be3 Bd6 12. Qc2 g6 13. Qb3 Na5 14. Qc2 Bf4
15. Rfe1 Re8 16. Ne5 Bxe5 17. dxe5 Rxe5 18. Bd4 Rxe1+ 19. Rxe1 Nf4 20. Bf1 Bf5
21. Qa4 Nc6 22. Bxa7 Qg5 23. Nf3 Nh3+ 24. Kh1 Qh5 25. Nh4 Nxf2+ 26. Kg1 Ng4 27.
Nf3 Be4 28. h3 Bxf3 29. hxg4 Bxg4 30. Qf4 Rxa7 31. Qxc7 Qh4 32. Re8+ Kg7 33.
Qd6 Qg5 34. Qf8+ Kf6 35. Qh8+ Kf5 36. Qxh7 Qf6 37. Rf8 Ne5 38. Bd3+ Kg5 39. Bc2
Rxa2 40. g3 Ra1+ 41. Kg2 Qf1+ 0-1

[Event "Tournoi Skype 026A"]
[Site "Skype"]
[Date "????.??.??"]
[Round "7.28"]
[White "Pouteau, Pascal"]
[Black "Vello, Pablo"]
[Result "1-0"]
[WhiteElo "1441"]
[BlackElo "1581"]
[PlyCount "75"]

1. d4 Nf6 2. Bf4 d6 3. Nf3 c5 4. e3 Qb6 5. Qc1 Nc6 6. d5 Nxd5 7. Bg3 g6 8. Nbd2
Bg7 9. Nc4 Qd8 10. Be2 Nf6 11. O-O Ne4 12. Bh4 Bf6 13. Bd3 Bxh4 14. Nxh4 Nf6
15. Rd1 O-O 16. Qd2 Nd7 17. Nf3 Nb6 18. Nxb6 Qxb6 19. e4 Qb4 20. Qh6 Qxb2 21.
e5 Nxe5 22. Ng5 Nf3+ 23. gxf3 Qg7 24. Qh4 Bd7 25. Rab1 Bc6 26. Kg2 h6 27. Ne4
g5 28. Qg3 Rfd8 29. Rg1 f5 30. Nd2 f4 31. Qg4 Bd7 32. Bf5 e6 33. Bxe6+ Bxe6 34.
Qxe6+ Qf7 35. Qxh6 Qg7 36. Qh5 b6 37. Kh1 Qd4 38. Rxg5+ 1-0

[Event "Tournoi Skype 026A"]
[Site "Skype"]
[Date "????.??.??"]
[Round "7.29"]
[White "Marino, Giuseppe"]
[Black "Ram, Madhukesh"]
[Result "0-1"]
[WhiteElo "1466"]
[BlackElo "1540"]
[PlyCount "44"]

1. d4 Nf6 2. e3 d5 3. Nf3 e6 4. Bd3 c5 5. c3 Nc6 6. Nbd2 Be7 7. O-O O-O 8. e4
dxe4 9. Nxe4 cxd4 10. cxd4 Nxd4 11. Nxd4 Qxd4 12. Ng5 Rd8 13. Bc2 b6 14. Rb1
Ba6 15. Nf3 Qc5 16. Be3 Rxd1 17. Bxc5 Rxf1+ 18. Rxf1 Bxc5 19. Re1 Rc8 20. Rc1
Ng4 21. b3 Nxf2 22. h3 Nd3+ 0-1

[Event "Tournoi Skype 026A"]
[Site "Skype"]
[Date "????.??.??"]
[Round "7.30"]
[White "Escudero Ocana, Francisco"]
[Black "Grib, Johannes"]
[Result "0-1"]
[WhiteElo "1398"]
[BlackElo "1530"]
[PlyCount "70"]

1. e4 Nf6 2. Nc3 e6 3. d4 c5 4. dxc5 Bxc5 5. Nf3 Ng4 6. Nd4 h5 7. h3 Ne5 8. Bf4
Ng6 9. Bxb8 Rxb8 10. Be2 Qf6 11. Nf3 a6 12. O-O Nf4 13. Bd3 Qg6 14. Nh4 Qg3 15.
Qf3 Qxh4 16. g3 Nxh3+ 17. Kg2 Qg4 18. Be2 Nxf2 19. Rxf2 Bxf2 20. Qxg4 hxg4 21.
Kxf2 b5 22. Bxg4 Rh2+ 23. Ke3 Rxc2 24. Nd1 Bb7 25. b4 d5 26. exd5 Bxd5 27. a3
Rc4 28. Be2 Re4+ 29. Kd3 Rd8 30. Bf3 Bc6+ 31. Kc3 Rc4+ 32. Kb3 Bxf3 33. Ne3
Rd3+ 34. Kb2 Rxe3 35. Rc1 Rxc1 0-1

[Event "Tournoi Skype 026A"]
[Site "Skype"]
[Date "????.??.??"]
[Round "7.31"]
[White "Lucena Vaz, Jose"]
[Black "Bankhede, Shivkumar"]
[Result "1-0"]
[WhiteElo "1510"]
[BlackElo "1377"]
[PlyCount "91"]

1. e4 e5 2. Nf3 d6 3. h3 Nf6 4. Nc3 h6 5. d4 c6 6. dxe5 dxe5 7. Qxd8+ Kxd8 8.
Nxe5 Ke8 9. Bc4 Be6 10. Bxe6 fxe6 11. Bf4 Nbd7 12. Ng6 Rg8 13. Rd1 Bb4 14. Bd2
Rd8 15. Ke2 Nc5 16. f3 Nh5 17. Kf2 Nd7 18. a3 Bc5+ 19. Be3 Bxe3+ 20. Kxe3 Kf7
21. Nf4 Nxf4 22. Kxf4 g5+ 23. Ke3 Ne5 24. Ne2 Nc4+ 25. Kf2 Nxb2 26. Rb1 Nc4 27.
Rxb7+ Kg6 28. Rxa7 Rd2 29. Rc1 Rf8 30. Ra4 Ne5 31. Ke1 Rd7 32. Rd4 h5 33. Rxd7
Nxd7 34. Rd1 Ne5 35. Rd6 Re8 36. a4 g4 37. hxg4 hxg4 38. f4 Nc4 39. Rxc6 Ne3
40. f5+ Kg5 41. Rxe6 Rc8 42. Rg6+ Kh4 43. Nd4 Nxg2+ 44. Kd2 g3 45. f6 Nf4 46.
Nf5+ 1-0